LIBRARY & INFORMATION CENTRE, KCAET, TAVANUR

ONLINE PUBLIC ACCESS CATALOGUE (OPAC)

C++: the complete reference (Record no. 13815)

MARC details
000 -LEADER
fixed length control field 00305nam a22001337a 4500
020 ## - INTERNATIONAL STANDARD BOOK NUMBER
ISBN 9780070532465
082 ## - DEWEY DECIMAL CLASSIFICATION NUMBER
Classification number 005.033 SCH/C+
100 ## - MAIN ENTRY--AUTHOR NAME
Personal name Herbert Schildt
245 ## - TITLE STATEMENT
Title C++: the complete reference
250 ## - EDITION STATEMENT
Edition statement 4th ed
260 ## - PUBLICATION, DISTRIBUTION, ETC. (IMPRINT)
Place of publication New Delhi
Name of publisher Tata McGraw Hill
Year of publication 2010
300 ## - PHYSICAL DESCRIPTION
Number of Pages 1023
942 ## - ADDED ENTRY ELEMENTS (KOHA)
Koha item type Books
Holdings
Withdrawn status Lost status Damaged status Collection code Home library Current library Shelving location Date acquired Source of acquisition Cost, normal purchase price Full call number Accession Number Koha item type
      Non-fiction KAUAET KAUAET General Stacks 26/11/2012 CosmoBooks, Calicut 510.00 005.033 SCH/C+ 23622 Books
      Non-fiction KAUAET KAUAET General Stacks 26/11/2012 CosmoBooks, Calicut 510.00 005.033 SCH/C+ 23623 Books
        KAUAET KAUAET General Stacks 31/03/2018 Aman Books, Calicut 675.00 005.033 SCH/C+ 25634 Books
        KAUAET KAUAET General Stacks 31/03/2018 Aman Books, Calicut 675.00 005.033 SCH/C+ 25635 Books
free website counter